[Event "Brno-A"]
[Site "Brno"]
[Date "1994.??.??"]
[Round "7"]
[White "Stangl, Markus"]
[Black "Babula, Vlastimil"]
[Result "0-1"]
[WhiteElo "2535"]
[BlackElo "2515"]
[Annotator "Stohl,I"]
[PlyCount "62"]
[EventDate "1994.08.??"]
[EventType "tourn"]
[EventRounds "9"]
[EventCountry "CZE"]
[EventCategory "13"]
[SourceTitle "CBM 043"]
[Source "ChessBase"]
[SourceDate "1994.12.01"]
[SourceVersion "1"]
[SourceVersionDate "1994.12.01"]
[SourceQuality "1"]

1. Nf3 Nf6 2. d4 g6 3. Bg5 Bg7 4. c3 d6 5. Nbd2 h6 (5... O-O 6. e4 Nc6 (6... c5
7. dxc5 dxc5 8. Be2 Nc6 9. O-O Qc7 10. Qc2 h6 11. Be3 b6 12. h3 Bb7 13. Nh2
Rad8 14. f4 e6 15. Kh1 Qb8 16. Rad1 Rfe8 17. e5 Nd5 18. Bg1 Nce7 19. Ne4 Nf5
20. Rf3 Nxf4 $1 $17 {Malaniuk,V-Tkachiev,V/London PCA/1994/}) 7. Bb5 h6 8. Bh4
a6 9. Bxc6 bxc6 10. O-O g5 11. Bg3 Nh5 12. Re1 f5 13. exf5 Nxg3 14. hxg3 Bxf5
15. Re3 Qd7 16. Qe2 e6 17. Re1 a5 18. Nc4 a4 19. Nh2 Rae8 20. g4 Bg6 21. Nf1
Rf4 22. Ng3 Qf7 $13 {Vyzhmanavin,A-Mainka,R/London PCA/1994/}) 6. Bh4 g5 (6...
Nbd7 7. e4 e5 8. Bc4 (8. dxe5 dxe5 9. Qc2 O-O 10. Be2 a5 11. O-O Qe7 12. a4 Re8
13. Rfe1 Qf8 14. Nc4 Nh5 15. Nfd2 Nf4 16. Bf1 Bf6 17. Bg3 Nh5 18. Nb3 b6 19.
Ne3 c6 20. Red1 Nxg3 21. hxg3 Bd8 22. Nd2 Nf6 23. Nf3 Bc7 $10 {Kovacevic,
S-Komljenovic,D/Linares op/1994/}) 8... O-O 9. O-O Qe8 10. Re1 Nh5 11. Bf1 Nb6
12. dxe5 dxe5 13. Nb3 a5 14. Nc5 Qc6 15. Nd3 Re8 16. a4 Bd7 $1 17. b3 Bg4 18.
Rc1 Bf6 19. Bxf6 Qxf6 20. Be2 Nf4 21. Nxf4 Qxf4 $15 {Stangl,M-Stohl,I/Brno/
1994/}) 7. Bg3 Nh5 8. e3 (8. e4 $142 $5 e6 9. Bc4 Nc6 10. Qe2 Bd7 11. O-O-O Qe7
12. Ne1 Nxg3 13. hxg3 O-O-O 14. Nc2 Kb8 15. Nb3 Ka8 16. f4 Rdg8 17. Ne3 gxf4
18. gxf4 Bf8 19. g4 Qe8 20. Rh5 Ne7 21. Rf1 c6 22. Bd3 $14 {(),Yusupov,
A-Vasiukov,E/USSR-ch/1981/}) 8... Nd7 9. a4 $6 (9. Bd3 e6 $13) (9. Qc2 e6 10.
O-O-O Ndf6 $132) (9. Bc4 e6 10. O-O O-O 11. a4 Qe7 12. e4 a5 13. Re1 Nxg3 14.
hxg3 b6 15. g4 Bb7 16. Qc2 Nf6 17. Nh2 d5 $1 18. exd5 Nxd5 19. Ne4 Rfd8 20. Nf1
c5 21. dxc5 bxc5 22. Nfd2 Qc7 $15 {Onat,I-Lau,R/Dubai olm/1986/}) 9... a5 10.
Bd3 e6 11. b4 Qe7 12. Nb3 axb4 13. cxb4 f5 $1 $15 {/\0-0,f4->} 14. Qc2 (14. b5
O-O 15. a5 e5 $17) (14. Nfd2 $5 Ndf6 15. Be2 Qf7 $15) 14... Ndf6 15. Bb5+ Bd7
$1 16. O-O (16. Qxc7 Bxb5 17. Qxe7+ Kxe7 18. axb5 Rxa1+ 19. Nxa1 Ra8 20. O-O
Nd5 $36 {<->a,ץg3}) 16... Nd5 17. Bxd7+ Qxd7 18. e4 $6 (18. b5 Nhf6 $15 {
/\Ne4,h5}) 18... Nxb4 19. Qc4 (19. Qe2 $2 f4) 19... fxe4 20. Nxg5 (20. Qxb4
exf3 21. Qxb7 O-O {/\Rab8-+}) 20... hxg5 21. Qxb4 O-O $17 22. Ra3 (22. Qxb7 $2
Rab8 $19) (22. a5 $142) 22... Nf4 $1 {/\Nd3,Ne2} 23. Bxf4 gxf4 24. Qxb7 Rxa4
25. Rfa1 (25. Rxa4 Qxa4 26. Nd2 e3 $19) 25... Rxa3 26. Rxa3 e3 $1 27. Kf1 (27.
Qe4 $5 d5 28. Qd3 Qd6 $17 {/\e5}) 27... e5 28. Qd5+ Kh8 29. dxe5 Qf5 $1 $19 {->
} 30. Qd1 $8 (30. Ra1 Qc2 $19) 30... f3 $1 31. fxe3 (31. Qxf3 Qd3+ $19) (31.
gxf3 Qh3+ 32. Ke2 (32. Kg1 Rg8) 32... Qxh2 33. Kxe3 Qxe5+ 34. Kd3 Qc3+ $19)
31... Qg4 (31... Qg4 32. gxf3 (32. g3 Qh3+) 32... Rxf3+ 33. Ke1 Rf1+ $1 $19)
0-1

[Event "Montreal 6th"]
[Site "Montreal"]
[Date "2005.08.05"]
[Round "3"]
[White "Tyomkin, Dimitri"]
[Black "Nataf, Igor Alexandre"]
[Result "1/2-1/2"]
[WhiteElo "2467"]
[BlackElo "2583"]
[Annotator "Tyomkin,D"]
[PlyCount "50"]
[EventDate "2005.08.03"]
[EventType "tourn"]
[EventRounds "11"]
[EventCountry "CAN"]
[EventCategory "12"]
[SourceTitle "CBM 109"]
[Source "ChessBase"]
[SourceDate "2005.11.14"]
[SourceVersion "1"]
[SourceVersionDate "2005.11.14"]
[SourceQuality "1"]

1. d4 Nf6 2. Nf3 g6 3. Bg5 Bg7 4. Nbd2 O-O 5. c3 d6 6. e4 h6 7. Bh4 c5 8. d5 e6
9. dxe6 Bxe6 10. Bc4 Bxc4 (10... d5 $1 {Hazai This is the typical freeing move
here.} 11. exd5 Bxd5 12. O-O Nc6 (12... Re8 $5 {It is important, who can
occupy first the e-file, as we can see it from the game.}) 13. Qc2 (13. Re1 $5)
13... Na5 (13... Bxc4 {Tyomkin} 14. Nxc4 b5 15. Rad1 Qc8 16. Ne3 (16. Nd6 $142
Qa6 17. Qe2 Rab8 (17... c4 18. a4 $1) 18. Bxf6 Bxf6 19. Qe3 $16 {[%csl Rc5,Rh6]
}) 16... Re8 17. a4 b4 18. Nd2 $6 (18. Bxf6 Bxf6 19. Nd5 $14) 18... bxc3 19.
bxc3 Qe6 $11 {0-1 Miles,A-Lane,G/Scarborough 2001/CBM 083 ext (44)}) 14. Bxd5
Qxd5 15. Rad1 Qh5 $2 {[%mdl 8192] The Q is very vulnerable here.} (15... Qc6 {
was the persistent defence, for example:} 16. Ne5 Qc7 17. Ndf3 (17. Ndc4 $143 {
exchanges Black's bad N on the edge of the board.} Nxc4 18. Nxc4 Qf4 19. Bxf6
Qxc4 20. Bxg7 {1/2-1/2 Miles-Atalik, Szeged 1997}) 17... Rad8 (17... Nc6 $2 18.
Bxf6 Bxf6 19. Nd7 $18) 18. Qa4 Nc6 (18... g5 $6 19. Bg3 Nh5 {founders on the
tactical blow} 20. Nxf7 $1 Qxf7 (20... Nxg3 $2 21. Nxd8 Nxf1 22. Ne6 $18) 21.
Rxd8 Rxd8 22. Qxa5 $16) 19. Nxc6 bxc6 20. Qc4 Rxd1 21. Rxd1 {Black's doubled
pawns secure a small, but durable advantage for White in the _|_.} Rd8 22. Re1
$14 {Miles-Gallagher, England 2000}) 16. Qa4 Nc6 17. Bxf6 Bxf6 18. Ne4 Be7 $4 {
This loses outright, but it is difficult to give a good advice.} (18... Qf5 19.
Rd5 $16) 19. Ng3 {1-0 Miles,A-Nataf,I/Havana 2001/CBM 084/[Hazai] and the Q is
trapped.}) 11. Bxf6 Qxf6 12. Nxc4 Qe7 $5 $146 {Igor made some conclusions from
his short loss to Miles- 12...Qe7 is a "homemade" novelty;} (12... Qe6 {Hazai}
13. Qd5 Qxd5 14. exd5 Re8+ 15. Kd2 {White has a slight _|_ advantage because
of the >< d6 and the bad B.} Bf8 16. Rae1 Nd7 17. Rxe8 Rxe8 18. Re1 Rb8 (18...
Rxe1 19. Nxe1 {Without rooks White's advantage is undeniable.} Nb6 20. Ne3 h5
21. Kd3 Bh6 22. Nc4 Nxd5 23. Nxd6 $16 {A.Spielmann-Szylar, Cannes 1995}) 19. a4
Nf6 20. Ne3 a6 21. Kd3 {White's K is more active than his antagonist.} h5 22.
Nd2 b5 23. axb5 axb5 24. Ra1 $14 {occupying the vital a-file, Rodriguez
Vargas-Barbero, Benasque 1993.}) 13. O-O {That's the only way to play for an
opening advantage;} (13. Qxd6 Qxe4+ 14. Ne3 Na6 $11) (13. Qd5 Nd7 14. Nxd6 Nf6
15. Qe5 (15. Qxc5 Nxe4 16. Nxe4 Qxe4+ 17. Qe3 Qc4 $17) 15... Qc7 16. O-O-O Rfd8
17. Qf4 {otherwise Nxe4} Nxe4 {it works anyhow!} 18. Qxe4 Rxd6 19. Rxd6 Qxd6
$11 20. Qxb7 $140 Rb8 21. Qe4 Qa6 $1 22. Qd5 c4 23. a3 Bxc3 $1 $17) 13... Qxe4
14. Nxd6 {14.Qb3 is trickier and gives White some hope for advantage;} (14. Qb3
$5 Qe7 (14... d5 15. Qxb7 Nd7 16. Na5 (16. Ne3 Nf6 $15) 16... Nb6 17. Nc6 {
White has some initiative here.}) 15. Rfe1 Qc7 16. Rad1 Nc6 17. Nxd6 Na5 18.
Qa4 Rfd8 19. Ne8 Qc6 20. Qxa5 Rxd1 21. Rxd1 b6 22. Qa6 Qxe8 $11) 14... Qc6 15.
Nc4 {only move} Qc7 {Not the only way to equalize;} (15... Nd7 16. Qd6 Qxd6 17.
Nxd6 Rab8 18. Rfe1 Rfd8 {and Black is doing well;}) 16. Qd6 Qxd6 17. Nxd6 b6 {
Black chooses the safest way;} (17... Nc6 $5 18. Nxb7 Rfb8 19. Nxc5 Rxb2 20.
Na4 Rc2 21. Rfc1 Re2 22. Kf1 Re4 23. Nb2 Nb4 $1 $11 {[%cal Gb4d5]}) 18. Rfd1
Nc6 19. Rd5 Rfd8 20. Rad1 Kf8 {Black gets his king closer to protect the 7th
rank after the trade of one pair of rooks;} (20... Rd7 21. Nb5 (21. Nc4 Rxd5
22. Rxd5 Rd8 $11) 21... Rxd5 22. Rxd5 a6 23. Nc7 Rc8 24. Rd7 Nb8 25. Rd6 Rxc7
26. Rd8+ Kh7 27. Rxb8 Rd7 28. Kf1 b5 29. Ke2 $11) 21. Kf1 Rd7 22. Nc4 Rxd5 23.
Rxd5 Ke7 24. a4 {securing the c4 outpost, but it's just too late to think
about strategical aspects here- the last pair of rooks gets traded after 27...
Rd8, and White has no pieces to play for a win....} Rd8 25. Rxd8 Kxd8 {This is
just too difficult to lose here for any side...} 1/2-1/2

[Event "EU-Cup 14th final"]
[Site "Belgrade"]
[Date "1999.01.13"]
[Round "3"]
[White "Tyomkin, Dimitri"]
[Black "Ilincic, Zlatko"]
[Result "1/2-1/2"]
[WhiteElo "2465"]
[BlackElo "2570"]
[Annotator "Tyomkin,D"]
[PlyCount "165"]
[EventDate "1999.01.11"]
[EventType "team-k.o."]
[EventRounds "3"]
[EventCountry "YUG"]
[SourceTitle "EXT 2020"]
[Source "ChessBase"]
[SourceDate "2019.10.17"]
[SourceVersion "1"]
[SourceVersionDate "2019.10.17"]
[SourceQuality "1"]
[WhiteTeam "Petah-Tikva Elitzur"]
[BlackTeam "Zemun Agrouniverzal"]
[WhiteTeamCountry "ISR"]
[BlackTeamCountry "SRB"]

1. d4 {Hecht} Nf6 2. Nf3 g6 3. Bg5 Bg7 4. Nbd2 O-O 5. c3 d6 6. e4 h6 7. Bh4 Qe8
8. Be2 Nh5 9. O-O e5 (9... Nf4 $5 {Be2-doesn't have his usual place on-f1.} 10.
Bc4) 10. dxe5 dxe5 11. Re1 Be6 12. Nc4 Nd7 13. Nfd2 $5 {N The standard
monouevre of white knights-Nb1-d2-c4-(e3),Nf3-d2.Bh4 has perfect place on f2,
after f3.} (13. Bf1 $6 f6 14. Nfd2 Qf7 15. b4 Rfe8 16. Ne3 {1/2-1/2 Delemarre,
J-Reschke,S/Schoeneck 1996/CBM 55 ext (16)}) (13. b4 $5) 13... Nf4 14. Bf1 Nc5
15. Qc2 (15. b4 Ncd3 16. Re3 g5 $5 17. Bxd3 (17. Bg3 Rd8) 17... gxh4 $132)
15... a5 16. Ne3 (16. a4 $6 g5 17. Bg3 Qc6 $132) 16... b5 17. b4 (17. Nb3 Qc6
18. f3 a4 19. Nxc5 Qxc5 20. Bf2 Qc6 {=}) 17... Na4 18. Nb3 axb4 19. cxb4 c6 20.
Rec1 $6 (20. Rac1 Ra6 21. Red1 Qb8 22. Be7 Rc8 23. Bd6 Qa8 {=}) 20... Ra6 21.
f3 Qb8 22. Bf2 Qd6 23. Nd1 (23. a3 Bxb3 24. Qxb3 Ne6 {=+}) 23... Rd8 (23...
Qxb4 24. Nc5 Nxc5 (24... Raa8 $6 25. Rab1 (25. Nxe6 Nxe6 26. Qxc6 Nd4 27. a3
Qa5 28. Bxd4 exd4 29. Qxb5 d3 $132) 25... Qa5 26. Nxe6 Nxe6 27. Qxc6) 25. Bxc5
Qa5 26. Bxf8 Bxf8 {~=}) 24. Nc5 $2 {The forced play is starting now which is
leading to the difficult ending for white.} (24. Na5 $142) 24... Nxc5 25. Bxc5
Qd2 26. g3 $6 Qxc2 27. Rxc2 Bb3 $1 (27... Nh3+ $6 28. Kg2 $1 (28. Bxh3 $6 Bxh3
29. g4 Ra3 30. Kf2 f5)) 28. Rcc1 Bxd1 29. Rxd1 Rxd1 30. Rxd1 Ne6 {If black
would change black-square bishops,that position would be winning.In that caseN
will get d4-outpost forever,white pawns (a2,b4,f3)will stay week.} 31. Rd6 $2 {
Here I found myself losing on force.Anyway it is really hard to give white
some advice in this position.} (31. Rd2 Bf8 {-/+}) 31... Nxc5 $2 {Ilincic is
also not on the top.} (31... Bf8 32. Bxb5 Nxc5 33. Rxc6 (33. bxc5 $2 Ra5 $1 34.
Bc4 Bxd6 35. cxd6 Kf8 {-+}) 33... Rxc6 34. Bxc6 Ne6 {-+}) 32. bxc5 Bf8 {-/+}
33. Rd2 Bxc5+ 34. Kg2 Kf8 35. Rc2 Ba3 36. f4 {Suddenly for myself I started to
play actively in own time-trouble moving kingside pawns.} Ke7 37. Kf3 f6 38. h4
Kd6 39. f5 gxf5 40. exf5 Bc5 41. Kg4 Ra3 42. Bg2 $1 Re3 43. Bh1 b4 44. Bg2 Rc3
$2 (44... Re1 45. Kh5 e4 46. Kxh6 e3 47. Kg6 {White has the control over e2.})
(44... h5+ 45. Kxh5 Rxg3 46. Be4 Re3 47. Bg2 e4 48. Kg4 Kd5 49. h5 Bf8 50. Rd2+
Ke5 51. Rd8 $132) 45. Rxc3 bxc3 46. Be4 {= This ending with opposite- bishops
is simply drawing.} Bf2 47. Kf3 Be1 48. h5 Kc5 49. g4 Kd4 50. a4 Bd2 51. Bc2
Bc1 52. Be4 Ba3 53. a5 Kc5 54. Ke2 Kb5 55. Kd3 Bb4 56. a6 Kxa6 57. Bxc6 Kb6 58.
Be4 {Hecht: '# Die Position bleibt deshalb remis, weil die schwarzen
Freibauern nicht weitgenug auseinander stehen. Zusammen mit seinem L�ufer
ist der wei�e K�nig tempom��ig stets in der Lagevon d1 aus den
c-Bauern und von f3 aus den e-Bauern zu kontrollieren, ohne da� der schwarze
K�nig einen Zugang zur wei�en Stellung erh�lt. '} Kc5 59. Ke3 {The plan
of defense:to control e4 and c2 squares up to where black king is situated.}
Ba5 60. Bc2 Kb4 61. Kf3 Ka3 62. Ke2 Kb2 63. Kd1 Bb6 64. Be4 Kb3 65. Bc2+ Kc4
66. Ke2 Bc5 67. Be4 Kb3 68. Kd1 Be3 69. Bc2+ Kb2 70. Be4 Bf4 71. Bc2 Bg5 72.
Be4 Kb3 73. Bc2+ Kc4 74. Ke2 Kd4 75. Kf3 Kc4 76. Ke2 Kb4 77. Be4 Kb3 78. Kd1
c2+ {Only chance.} 79. Bxc2+ Kc3 80. Ba4 Kd3 81. Ke1 {The new defensive setup
is Kf1 and Bd1.} Ke3 82. Bd1 e4 83. Kf1 1/2-1/2

[Event "EU-ch U20"]
[Site "Tallinn"]
[Date "1997.09.18"]
[Round "9"]
[White "Tyomkin, Dimitri"]
[Black "Agopov, Mikael"]
[Result "1-0"]
[WhiteElo "2390"]
[BlackElo "2300"]
[Annotator "Tyomkin,D"]
[PlyCount "121"]
[EventDate "1997.09.10"]
[EventType "swiss"]
[EventRounds "11"]
[EventCountry "EST"]
[SourceTitle "CBM 059 Extra"]
[Source "ChessBase"]
[SourceDate "1997.09.26"]
[SourceVersion "1"]
[SourceVersionDate "1997.09.26"]
[SourceQuality "1"]

1. d4 Nf6 2. Nf3 g6 3. Bg5 {My opponent beated Rowson in the first round in
the very complicative game and I decided to direct a game to some kind of
positions which I understand better and not let to my opponent to get some
initiative} Bg7 4. Nbd2 O-O 5. c3 d6 6. e4 c5 7. dxc5 dxc5 8. Bc4 {[%csl Re5]
in this line I prefer bishop on-c4.It will be very useful if white will push
e4-e5.Black tries to capture e5-square itself,and in next moves both sides
will fight for it.} Nc6 9. O-O h6 10. Bh4 Nh5 11. Re1 Qc7 12. Qe2 Ne5 (12...
Bg4 {Tyomkin,D The demonstrative game in this variation I played in Youth
Israel Champ. in1996} 13. Qe3 b6 $2 (13... Na5 $142) 14. e5 $1 $16 {[%csl Rh5]
xNh5 White got all that he wants in this variation-pawn on e5 restrains all
black pieces and N on h5 is in the real danger-h3 and g4 coming soon} Qc8 15.
h3 Bxh3 $2 (15... Be6 16. Bf1 (16. Bxe6 fxe6 $13) (16. Bb5) 16... Rd8 17. g4
Bxg4 18. hxg4 Qxg4+ 19. Bg2 Nf4 20. Bg3 $16) (15... Bf5 16. Bd5 Rd8 (16... g5
17. Bxg5 Rd8 $1 (17... hxg5 18. Qxg5 $18 Bg6 $140 19. Qxg6) 18. Be4 (18. Bxc6
Qxc6 19. Bxe7 Rd3 20. Qe2 Nf4 21. Qd1 (21. Qf1 Rxd2 22. Nxd2 Bd3) 21... Bxh3 $1
$17) 18... Bxe4 19. Nxe4 Qe6 20. Bh4 $16) 17. Be4) (15... Bd7 16. Bf1 $5 $16 {
[%cal Rg2g4] intending g4}) 16. gxh3 $18 Qxh3 (16... g5 17. Bxg5 (17. Nxg5 Nxe5
) (17. e6 $5) 17... hxg5 18. Qxg5 Qxh3 19. Bf1 $18) 17. Qe4 g5 (17... Nxe5 18.
Nxe5 Bxe5 19. Qxg6+ $18) 18. Bxg5 Nxe5 19. Nxe5 Bxe5 20. Qg2 Qf5 $2 21. Rxe5 {
1-0 Tyomkin,D-Ribshtein,N/ISR-chJ U20 1996}) 13. Nxe5 Bxe5 {My opponent was
well-prepared to this game and choosing a quite unpleasant line in this
opening for white} 14. g3 $1 {[%csl Re5][%cal Gf2f4,Ge4e5] I didn't make some
special preparation for this tournament,but I've seen a "fresh" game in this
variation of van Wely and he used succesfully this idea and got a big
advantage.I found it very usefull.} (14. Nf1 $6 Nf4 15. Qe3 g5 16. Bg3 h5 $36 {
[%csl Ge5,Gf4] with full control of e5 nd f4 favors Black.}) (14. h3 Nf4 {
and it will be very difficult to get rid of the unpleasant Nf4. Van Wely's
move temporarily displaces his B, but prepares to chase away Black's pieces.})
14... Rd8 (14... Bh8 $6 15. f4 {White is rarely getting such a nice center in
this line. In dieser Variante bekommt Weiß nur selten solch ein starkes
Zentrum.} Ng7 16. Qf3 {[%csl Rg7,Rh8] Black's tangled pieces create a comical
impression.} Be6 17. Rad1 Rad8 {[%cal Rd8d2] /\Rd2!} 18. Bxe6 Nxe6 (18... fxe6
$2 19. Qg4 Kh7 20. Nf3 $40) 19. f5 $1 $36 g5 20. fxe6 gxh4 21. Qg4+ Bg7 22.
Qxh4 c4 23. Kg2 fxe6 {>< e7, e6} 24. Qg4 Rf6 25. Nf3 Rdf8 26. Nd4 h5 $5 27.
Qxh5 Rf2+ 28. Kh3 Qe5 $8 29. Qxe5 (29. Qg4 $2 R8f6 $40) 29... Bxe5 30. Nxe6 $16
{[%csl Gg3,Gh2] 1/2-1/2 Van Wely,L-Leko,P/Tilburg Fontys 1996 (60) Black
managed to survive the attack and still has some tactical chances, but in the
long run the endgame is hopeless for him, White's K-side pawns should
eventually decide.}) (14... Ng7 15. f4 Bf6 16. Bxf6 exf6 17. Bd5 Be6 18. c4
Rad8 $14 {[%cal Gf6f5] /\f5 was a more solid choice.}) 15. Nf1 $1 {[%cal Gf1e3,
Ye3d5] knight should come to-e3} (15. f4 $2 Bxf4 16. gxf4 Qxf4 17. Rf1 (17. Nf3
Bg4 18. Rf1 Bxf3 19. Qxf3 Qxh4 20. Qxf7+ Kh8) 17... Qxh4 18. Rxf7 e6) 15... Ng7
16. f4 Be6 $6 (16... Bf6 $142 17. Bxf6 exf6 18. Ne3 Be6 19. Bxe6 (19. Bd5 f5 $1
) 19... fxe6 20. Ng4 f5 21. Ne5 $16 (21. Nf6+ Kf7 22. e5)) 17. Ne3 (17. fxe5 $5
g5 (17... Bxc4 18. Qxc4 g5 19. Ne3 $16) 18. Bxe6 fxe6 $1 (18... Nxe6 19. Qg4
Qxe5 20. Ne3 $18) 19. Bxg5 hxg5 20. Ne3 Qxe5 21. Ng4 $16) 17... Bxc4 18. Qxc4 (
18. Nxc4 Bf6) 18... g5 19. fxg5 $1 (19. Nd5 Rxd5 $44) 19... hxg5 20. Bxg5 Bxg3
21. Re2 $1 {[%cal Ge2g2] the rook is decisively coming to "g"file} Bf4 (21...
Qe5 22. Nf5 $1 (22. Rg2 Bxh2+ (22... Bf2+ $5) 23. Kh1 Bg3 24. Nf5 (24. Rag1 $2
Qxg5 25. Rxg3 Qh4+) 24... Nxf5 25. exf5 $36) 22... Nxf5 23. exf5 Qxf5 24. Rg2
$18) (21... Bd6 22. Rg2 $16 {/+-}) (21... Ne6 22. Nd5 Rxd5 23. Qxd5 Rd8 24. Qf5
$18) 22. Nd5 Rxd5 23. Qxd5 $18 Ne6 {[%tqu "En","Can you find haw white win by
force in this position?","","","g5f4","",0,"e2g2","",10]} 24. Bxf4 (24. Rg2 $1
Bxg5 25. Rxg5+ Nxg5 26. Qxg5+ Kh7 (26... Kf8 27. Qh6+ Kg8 28. Kh1 f6 29. Rg1+
Kf7 30. Qh5+) 27. Qh4+ $1 (27. Qh5+ Kg7 28. Kh1 $6 Qf4 $1 {[%cal Gg7f6]}) (27.
Kh1 Qc6 28. Qh5+ Qh6 29. Qxf7+ $18) 27... Kg7 28. Kh1 Qe5 29. Rg1+ Kf8 30. Qh7
$18) 24... Nxf4 25. Qg5+ Kh7 26. Qh4+ Kg7 27. Rf2 (27. Qg3+ Kh7 (27... Kf8 $2
28. Rg2) 28. Kh1 (28. Rg2 $2 {[%tqu "En","","","","f4e2","",5]} Ne2+ $1 29.
Rxe2 Rg8) 28... e5 29. Qh4+ Kg8 $18) 27... e5 28. Kh1 Rd8 29. Rg1+ Kf8 30. Rf3
Rd3 31. Rxd3 Nxd3 32. Qh6+ Ke7 33. Qg5+ Kf8 34. Rf1 Nf4 35. Rd1 Ne6 36. Qf6 Ke8
37. Qh8+ Ke7 38. Qh4+ Ke8 39. Rf1 Nf4 40. Rg1 Ng6 41. Qf6 Qd7 {[%tqu "En","",
"","","g1g6","transfering the to the winning pawns' ending",5]} 42. Rxg6 $1 {
transfering the game to the winning pawns' ending} fxg6 {[%tqu "En","","","",
"f6e5","",5]} 43. Qxe5+ $1 Kf7 (43... Kf8 44. Qh8+ {[%cal Gh8h7]}) (43... Kd8
44. Qd5) 44. Qd5+ $1 Qxd5 45. exd5 b5 46. b3 {[%cal Gc3c4]} c4 47. bxc4 bxc4
48. Kg2 Kf6 49. Kf3 Ke5 50. d6 Kxd6 51. Ke4 Kc5 52. h4 Kb5 53. Kd5 a6 54. Kd4
a5 55. Kd5 Ka4 56. Kxc4 Ka3 57. Kd3 Kxa2 58. c4 a4 59. c5 a3 60. Kc2 g5 61. c6
1-0